00279nam a2200121Ia 45000030006000000080041000060400015000471000022000622450035000842600009001195460012001280050017001400STCL150530s9999 xx 000 0 und d aSTCLcSTCL aRiedman Sarah, R. aOur hormones and how they work c1960 aEnglish20220125170332.0